America Latina en sus ideas / (Record no. 120121)

MARC details
000 -CABECERA
campo de control de longitud fija 00698nam a2200217 a 4500
005 - FECHA Y HORA DE LA ÚLTIMA TRANSACCIÓN
campo de control 20220817124102.0
008 - ELEMENTOS DE LONGITUD FIJA--INFORMACIÓN GENERAL
campo de control de longitud fija 061116s2000 mx r 000 0 spa d
020 ## - NÚMERO INTERNACIONAL NORMALIZADO PARA LIBROS
Número Internacional Estándar del Libro 9682313767
035 ## - NÚMERO DE CONTROL DEL SISTEMA
Número de control de sistema UPN01000147979
049 ## - COLECCIÓN
Colección CG
050 #4 - SIGNATURA TOPOGRÁFICA DE LA BIBLIOTECA DEL CONGRESO
Número de clasificación F1408.3
Número de documento/Ítem A3.3 2000
245 00 - MENCIÓN DE TÍTULO
Título America Latina en sus ideas /
Resto del título coord. e introd. por Leopoldo Zea.
250 ## - MENCIÓN DE EDICIÓN
Mención de edición 3a ed.
260 ## - PUBLICACIÓN, DISTRIBUCIÓN, ETC.
Lugar de publicación, distribución, etc. México :
Nombre del editor, distribuidor, etc. Siglo XXI :
Fecha de publicación, distribución, etc. 2000.
Nombre del editor, distribuidor, etc. UNESCO,
300 ## - DESCRIPCIÓN FÍSICA
Extensión 499 p.
440 #0 - MENCIÓN DE SERIE/ASIENTO SECUNDARIO--TÍTULO
Título América Latina en su cultura
651 #4 - ASIENTO SECUNDARIO DE MATERIA - NOMBRE GEOGRAFICO
Nombre geográfico AMERICA LATINA -
Subdivisión general CIVILIZACION -
-- FILOSOFIA
9 (RLIN) 9513
651 #4 - ASIENTO SECUNDARIO DE MATERIA - NOMBRE GEOGRAFICO
Nombre geográfico AMERICA LATINA -
Subdivisión general POLITICA Y GOBIERNO -
-- FILOSOFIA
9 (RLIN) 9512
700 1# - ASIENTO SECUNDARIO--NOMBRE DE PERSONAL
Nombre de persona Zea, Leopoldo,
Fechas asociadas al nombre 1912-2004
Término indicativo de función/relación coord.
9 (RLIN) 29318
905 ## - TIPO DE MATERIAL
Tipo de material Libro
Holdings
Estado de retiro Estado de pérdida Fuente del sistema de clasificación o colocación Estado dañado No para préstamo Código de colección Localización permanente Ubicación/localización actual Ubicación en estantería Total de préstamos Clasificación Código de barras Fecha visto por última vez Fecha del último préstamo Número de copia Tipo de ítem Koha
    Library of Congress Classification     Colección General Bib. Gregorio Torres Quintero Bib. Gregorio Torres Quintero Planta baja 6 F1408.3 A3.3 2000 241260 01/04/2025 13/03/2025 1 Libro